El mar : (Record no. 151936)
[ view plain ]
| 000 -CABECERA | |
|---|---|
| campo de control de longitud fija | 00674nam a2200205 u 4500 |
| 005 - FECHA Y HORA DE LA ÚLTIMA TRANSACCIÓN | |
| campo de control | 20210223131501.0 |
| 008 - ELEMENTOS DE LONGITUD FIJA--INFORMACIÓN GENERAL | |
| campo de control de longitud fija | 110323s2006 ag r 000 0 spa d |
| 020 ## - NÚMERO INTERNACIONAL NORMALIZADO PARA LIBROS | |
| Número Internacional Estándar del Libro | 9682326680 |
| 035 ## - NÚMERO DE CONTROL DEL SISTEMA | |
| Número de control de sistema | UPN01000179833 |
| 049 ## - COLECCIÓN | |
| Colección | CG |
| 050 #4 - SIGNATURA TOPOGRÁFICA DE LA BIBLIOTECA DEL CONGRESO | |
| Número de clasificación | QH541.5 S3 |
| Número de documento/Ítem | C3.5 |
| 100 1# - ASIENTO PRINCIPAL--NOMBRE PERSONAL | |
| Nombre de persona | Calcagno, Javier, |
| Fechas asociadas al nombre | 1960- |
| 9 (RLIN) | 31589 |
| 245 13 - MENCIÓN DE TÍTULO | |
| Título | El mar : |
| Resto del título | hizo falta tanta agua para disolver tanta sal-- / |
| Mención de responsabilidad, etc. | Javier Calcagno, Gustavo Lovrich. |
| 260 ## - PUBLICACIÓN, DISTRIBUCIÓN, ETC. | |
| Lugar de publicación, distribución, etc. | Buenos Aires : |
| Nombre del editor, distribuidor, etc. | Universidad Nacional de Quilmes : |
| -- | Siglo XXI, |
| Fecha de publicación, distribución, etc. | c2006. |
| 300 ## - DESCRIPCIÓN FÍSICA | |
| Extensión | 102 p. : |
| Otras características físicas | il. |
| 440 #0 - MENCIÓN DE SERIE/ASIENTO SECUNDARIO--TÍTULO | |
| Título | Ciencia que ladra |
| 650 #4 - ASIENTO SECUNDARIO DE MATERIA - TERMINO TEMATICO | |
| Término de materia o nombre geográfico como elemento de entrada | OCEANO - |
| Subdivisión de forma | LITERATURA JUVENIL |
| 9 (RLIN) | 11145 |
| 700 1# - ASIENTO SECUNDARIO--NOMBRE DE PERSONAL | |
| Nombre de persona | Lovrich, Gustavo, |
| Término indicativo de función/relación | coaut. |
| 905 ## - TIPO DE MATERIAL | |
| Tipo de material | Libro |
| Estado de retiro | Estado de pérdida | Fuente del sistema de clasificación o colocación | Estado dañado | No para préstamo | Código de colección | Localización permanente | Ubicación/localización actual | Ubicación en estantería | Total de préstamos | Clasificación | Código de barras | Fecha visto por última vez | Número de copia | Tipo de ítem Koha |
|---|---|---|---|---|---|---|---|---|---|---|---|---|---|---|
| Library of Congress Classification | Colección General | Bib. Gregorio Torres Quintero | Bib. Gregorio Torres Quintero | Planta baja | 1 | QH541.5 S3 C3.5 | 297435 | 31/12/2020 | 1 | Libro | ||||
| Library of Congress Classification | Colección General | Bib. Gregorio Torres Quintero | Bib. Gregorio Torres Quintero | Planta baja | QH541.5 S3 C3.5 | 275954 | 31/12/2020 | 1 | Libro |
